000 00595nam a2200193Ia 4500
005 20250508155916.0
008 008 250505s9999 xx 000 0 eng d
020 _a81-7070-201-1
037 _aBooks to be hide in OPAC
040 _aFEDL
_beng
_cFEDL
041 _aeng
_2eng
084 _a379.5423, NOR
_qFEDL
245 0 _aReport on public instruction in the north-west frontier province for the year 1940-41
245 0 _cGovernment of the North-West Frontier Province
260 _c1942
300 _a103p.
942 _cHB
_h379.5423, NOR
999 _c1360011
_d1360011